Practice notes (Record no. 77761)

MARC details
000 -LEADER
fixed length control field 01240cab a2200217 4500
001 - CONTROL NUMBER
control field ##L135036
008 - FIXED-LENGTH DATA ELEMENTS--GENERAL INFORMATION
fixed length control field 060920n2006 000 0 eng u
035 ## - SYSTEM CONTROL NUMBER
System control number (Sirsi) u135036
041 0# - LANGUAGE CODE
Language code of text/sound track or separate title eng
100 1# - MAIN ENTRY--PERSONAL NAME
Personal name Rand, John
245 00 - TITLE STATEMENT
Title Practice notes
Remainder of title it's not such a class act after all
260 ## - PUBLICATION, DISTRIBUTION, ETC.
Date of publication, distribution, etc. 2006
490 #0 - SERIES STATEMENT
Series statement Estates Gazette
Volume/sequential designation (0637) 16 September 2006, 192(1)
520 ## - SUMMARY, ETC.
Summary, etc. Looks at the effect which the 2005 changes to the Town and Country Planning (Use Classes) Order 1987 have had on rents. The 2005 amendments divided up the A3 class, creating two new classes, A4 and A5. Where properties fall into two of these classes, landlords may try to charge a higher rent on the basis that the property now has the benefit of two use classes rather than just one. Argues that this is currently a hard argument to sustain, due to the problems faced in assessing the impact of use class changes on property values.
590 ## - LOCAL NOTE (RLIN)
Local note IKA031006
650 24 - SUBJECT ADDED ENTRY--TOPICAL TERM
Topical term or geographic name entry element TOWN AND COUNTRY PLANNING (USE CLASSES) ORDER 1987
650 24 - SUBJECT ADDED ENTRY--TOPICAL TERM
Topical term or geographic name entry element TOWN AND COUNTRY PLANNING (USE CLASSES) (AMENDMENT) (ENGLAND) ORDER 2005
651 #4 - SUBJECT ADDED ENTRY--GEOGRAPHIC NAME
Geographic name England
Chronological subdivision 886-
690 ## - LOCAL SUBJECT ADDED ENTRY--TOPICAL TERM (OCLC, RLIN)
Topical term or geographic name as entry element PROPERTY-COMMERCIAL PROPERTY-LEISURE PROPERTY-REFRESHMENT AND CULINARY PROPERTY
942 ## - ADDED ENTRY ELEMENTS (KOHA)
Suppress in OPAC 0
Holdings
Withdrawn status Lost status Source of classification or shelving scheme Damaged status Not for loan Home library Current library Shelving location Date acquired Total Checkouts Full call number Barcode Date last seen Copy number Price effective from Koha item type
    Dewey Decimal Classification     London London Journal article 20/09/2006   L135036 135036-1001 06/08/2019 1 06/08/2019 Journal article